000 00769nam a2200241Ia 4500
003 OSt
005 20220923213326.0
006 a|||||r|||| 00| 0
007 ta
008 220922b |||||||| |||| 00| 0 hin d
024 _a160,848
037 _cTextual
040 _aARTS
_cARTS
_bhin
041 _2hin
_ahin
082 _aO152,2:g(S), K3
100 _aमेहता, कमलिनी
_9156318
245 0 _aनाटक के तत्वःमनोवैाानिक अध्ययन
246 _aNāṭak ke tatvahhinovaiāānik adhyayana
260 _c1963
650 _aहिन्दी साहित्य
_9156264
942 _hO152,2:g(S), K3
_cTEXL
_2CC
999 _c315526
_d315526